000 00734nam a2200217 a 4500
001 21902
003 CO-ViMGA
008 141112s2004 ck r 000 u spa d
020 _a9589723314
040 _aCO-ViMGA
_bspa
_cCO-ViMGA
082 0 4 _aI 793.4 B646j
110 _aBogotá (Colombia)Alcaldía Mayor
_931311
245 1 0 _aJóvenes a Jugar :
_bJuegos de barrio en Bogotá
260 _aBogotá :
_bPanemericana,
_c2003
300 _a48
590 _aForma de adquisición : Donación - - Proveedor : 5000 - - Fecha de adquisición : Julio 2007
650 1 4 _aJUEGOS DE RECREACION - ENSEÑANZA
_931312
650 1 4 _aJUEGOS EDUCATIVOS - ENSEÑANAZA
_931313
650 1 4 _aJUEGOS INFANTILES - ENSEÑANZA
_926847
942 _2ddc
_cBK
999 _c30445
_d30445